[Event "Regionalliga Sued-West 1819"]
[Site "Bayern"]
[Date "2018.12.16"]
[Round "4.8"]
[White "Huber, Stefan"]
[Black "Suessmann, Peter"]
[Result "1/2-1/2"]
[WhiteElo "1871"]
[BlackElo "1957"]
[PlyCount "55"]
[EventDate "2018.10.21"]
[EventType "team-tourn"]
[EventRounds "9"]
[EventCountry "GER"]
[SourceTitle "EXT 2022"]
[Source "ChessBase"]
[SourceDate "2021.10.06"]
[SourceVersion "1"]
[SourceVersionDate "2021.10.06"]
[SourceQuality "1"]
[WhiteTeam "Zugzwang MSA II"]
[BlackTeam "Haar"]
[WhiteTeamCountry "GER"]
[BlackTeamCountry "GER"]

1. e4 c6 2. d4 d5 3. exd5 cxd5 4. c4 Nf6 5. Nc3 dxc4 6. Bxc4 e6 7. Nf3 Be7 8. 0-0 0-0 9. Bf4 a6 10. Qe2 b5 11. Bd3 Bb7 12. Rfd1 Nbd7 13. Rac1 Rc8 14. Ng5 Nb6 15. Be5 h6 16. Nge4 Nxe4 17. Bxe4 Bxe4 18. Nxe4 Qd5 19. Qg4 f6 20. Rxc8 Nxc8 21. Nc3 Qc4 22. Bf4 Kh8 23. Qg6 Rd8 24. Rd3 Bf8 25. Bxh6 gxh6 26. Qxf6+ Kh7 27. Rg3 Ne7 28. Qf7+ 1/2-1/2

[Event "Regionalliga Sued-West 1718"]
[Site "Bayern"]
[Date "2017.11.26"]
[Round "3.7"]
[White "Huber, Stefan"]
[Black "Zimmermann, Dietmar"]
[Result "0-1"]
[WhiteElo "1897"]
[BlackElo "1989"]
[PlyCount "76"]
[EventDate "2017.10.22"]
[EventType "team-tourn"]
[EventRounds "9"]
[EventCountry "GER"]
[SourceTitle "EXT 2022"]
[Source "ChessBase"]
[SourceDate "2021.10.06"]
[SourceVersion "1"]
[SourceVersionDate "2021.10.06"]
[SourceQuality "1"]
[WhiteTeam "Zugzwang MSA II"]
[BlackTeam "Augsburg SK Rochade"]
[WhiteTeamCountry "GER"]
[BlackTeamCountry "GER"]

1. e4 c5 2. Nf3 d6 3. d4 cxd4 4. Qxd4 Nc6 5. Bb5 Bd7 6. Bxc6 Bxc6 7. c4 Nf6 8. Nc3 g6 9. 0-0 Bg7 10. Qd3 0-0 11. Nd4 Nd7 12. Nxc6 bxc6 13. Rb1 Qc8 14. b4 Ne5 15. Qe2 Qe6 16. c5 dxc5 17. bxc5 Rfd8 18. Rb3 Nd3 19. Ba3 Nf4 20. Qf3 g5 21. Ne2 Nxe2+ 22. Qxe2 Rd4 23. Re3 Rad8 24. Bc1 h6 25. f4 Ra4 26. a3 Bd4 27. fxg5 Bxe3+ 28. Qxe3 Rxe4 29. Qg3 Rg4 30. Qc7 Rc8 31. Qxa7 Qd5 32. g3 Qd4+ 33. Kg2 Re4 34. Rf2 Qd5 35. Kh3 hxg5 36. Qa6 g4+ 37. Kh4 Qe6 38. Qf1 Re1 0-1

[Event "Regionalliga SW 1516"]
[Site "Bayern"]
[Date "2016.03.13"]
[Round "8.7"]
[White "Huber, Stefan"]
[Black "Goettl, Michael"]
[Result "1-0"]
[WhiteElo "1909"]
[BlackElo "1709"]
[PlyCount "177"]
[EventDate "2015.10.11"]
[EventType "team-tourn"]
[EventRounds "9"]
[EventCountry "GER"]
[SourceTitle "EXT 2018"]
[Source "ChessBase"]
[SourceDate "2017.10.13"]
[SourceVersion "1"]
[SourceVersionDate "2017.10.13"]
[SourceQuality "1"]
[WhiteTeam "MSA Zugzwang II"]
[BlackTeam "Memmingen"]
[WhiteTeamCountry "GER"]
[BlackTeamCountry "GER"]

1. e4 c6 2. d4 d5 3. exd5 cxd5 4. c4 Bf5 5. Nc3 dxc4 6. Bxc4 e6 7. Nf3 Bb4 8. 0-0 Ne7 9. Bg5 0-0 10. Qb3 Bxc3 11. bxc3 Qc7 12. Nh4 Nbc6 13. Nxf5 Nxf5 14. Bd3 Nfe7 15. Rac1 h6 16. Bh4 Rac8 17. Rfd1 a6 18. Bb1 b5 19. c4 Na5 20. Qa3 Nec6 21. cxb5 axb5 22. Qd3 g6 23. Rc5 b4 24. Bf6 Qf4 25. Qf3 Qxf3 26. gxf3 Nb7 27. Rcc1 Na7 28. Be7 Rfe8 29. Bxb4 Nb5 30. Be4 N7d6 31. Bc6 Red8 32. Ba5 Rf8 33. Bb4 Rfd8 34. d5 e5 35. Ba5 Rf8 36. Bb6 Nd4 37. Bxd4 exd4 38. Rxd4 Nf5 39. Rb4 Rfd8 40. Re1 Rc7 41. Rb7 Rxb7 42. Bxb7 Nd4 43. Kg2 Nc2 44. Rc1 Nb4 45. a3 Nxd5 46. Rc8 Rxc8 47. Bxc8 Nb6 48. Bb7 Kf8 49. f4 Ke7 50. Kf3 Kd6 51. Ke4 f5+ 52. Kd4 g5 53. fxg5 hxg5 54. Bf3 Na4 55. Bd1 Nc5 56. Bc2 f4 57. a4 Nb7 58. Bd1 Na5 59. Ke4 Ke6 60. Bg4+ Kf6 61. Kd4 Nb3+ 62. Kc4 Na5+ 63. Kb5 Nb7 64. a5 Nxa5 65. Kxa5 Ke5 66. Kb5 Ke4 67. f3+ Kd5 68. h3 Kd6 69. Kc4 Ke5 70. Kc5 Kf6 71. Kd6 Kf7 72. Ke5 Kg6 73. Ke6 Kg7 74. Kf5 Kh6 75. Kf6 Kh7 76. Kxg5 Kg7 77. Kxf4 Kf6 78. h4 Kg6 79. Ke5 Kg7 80. f4 Kf7 81. f5 Kg7 82. f6+ Kf7 83. Bh5+ Kf8 84. Ke6 Kg8 85. Ke7 Kh8 86. f7 Kh7 87. Bd1 Kg6 88. f8Q Kh7 89. Bc2# 1-0

[Event "Regionalliga SW 1516"]
[Site "Bayern"]
[Date "2016.01.17"]
[Round "5.8"]
[White "Huber, Stefan"]
[Black "Osthoff, Michael"]
[Result "1-0"]
[WhiteElo "1909"]
[BlackElo "1977"]
[PlyCount "61"]
[EventDate "2015.10.11"]
[EventType "team-tourn"]
[EventRounds "9"]
[EventCountry "GER"]
[SourceTitle "EXT 2018"]
[Source "ChessBase"]
[SourceDate "2017.10.13"]
[SourceVersion "1"]
[SourceVersionDate "2017.10.13"]
[SourceQuality "1"]
[WhiteTeam "MSA Zugzwang II"]
[BlackTeam "Muenchen Siemens"]
[WhiteTeamCountry "GER"]
[BlackTeamCountry "GER"]

1. e4 c5 2. Nf3 Nc6 3. Bb5 e6 4. 0-0 Nge7 5. Re1 d6 6. c3 Bd7 7. d4 cxd4 8. cxd4 a6 9. Ba4 b5 10. Bb3 Na5 11. Bc2 Ng6 12. Nc3 Be7 13. b3 Rc8 14. Bd2 Nh4 15. Rc1 0-0 16. e5 d5 17. Nxh4 Bxh4 18. Qh5 g6 19. Qg4 f5 20. Qh3 Bg5 21. f4 Be7 22. g4 fxg4 23. Qxg4 Rf7 24. Nxd5 exd5 25. e6 Bxe6 26. Rxe6 Rf6 27. Bxa5 Qxa5 28. Rxf6 Rxc2 29. Rxg6+ hxg6 30. Qxg6+ Kf8 31. Rxc2 1-0

[Event "Regionalliga SW 1314"]
[Site "Bayern"]
[Date "2014.01.19"]
[Round "5.8"]
[White "Huber, Stefan"]
[Black "Wallner, Johann Jr"]
[Result "1/2-1/2"]
[WhiteElo "1907"]
[BlackElo "1845"]
[PlyCount "47"]
[EventDate "2013.10.13"]
[EventType "team-tourn"]
[EventRounds "9"]
[EventCountry "GER"]
[SourceTitle "EXT 2015"]
[Source "ChessBase"]
[SourceDate "2014.11.20"]
[SourceVersion "1"]
[SourceVersionDate "2014.11.20"]
[SourceQuality "1"]
[WhiteTeam "MSA Zugzwang II"]
[BlackTeam "Dachau"]
[WhiteTeamCountry "GER"]
[BlackTeamCountry "GER"]

1. e4 e6 2. d4 d5 3. Nc3 Nf6 4. Bg5 Bb4 5. e5 h6 6. Bd2 Bxc3 7. bxc3 Ne4 8. Qg4 g6 9. Bd3 Nxd2 10. Kxd2 c5 11. h4 cxd4 12. cxd4 Nc6 13. Ne2 Qa5+ 14. c3 Bd7 15. Rhb1 0-0-0 16. Rb2 Qa3 17. Rb3 Qa4 18. Qg3 Na5 19. Rb4 Qc6 20. Rab1 Kb8 21. Rb5 Qc7 22. Rc5 Bc6 23. Bb5 Ka8 24. Qd3 1/2-1/2

[Event "Regionalliga SW 1213"]
[Site "Bayern"]
[Date "2013.01.13"]
[Round "5.7"]
[White "Rassl, Bernhard"]
[Black "Huber, Stefan"]
[Result "1-0"]
[WhiteElo "1928"]
[BlackElo "1917"]
[PlyCount "105"]
[EventDate "2012.10.14"]
[EventType "team-tourn"]
[EventRounds "9"]
[EventCountry "GER"]
[SourceTitle "EXT 2015"]
[Source "ChessBase"]
[SourceDate "2014.11.20"]
[SourceVersion "1"]
[SourceVersionDate "2014.11.20"]
[SourceQuality "1"]
[WhiteTeam "Haar"]
[BlackTeam "MSA Zugzwang II"]
[WhiteTeamCountry "GER"]
[BlackTeamCountry "GER"]

1. e4 c5 2. c3 d6 3. d4 Nf6 4. Nd2 cxd4 5. cxd4 g6 6. Bd3 Bg7 7. Ne2 0-0 8. 0-0 Nc6 9. Kh1 Nd7 10. Nb3 e5 11. Be3 f5 12. dxe5 Ndxe5 13. exf5 Nxd3 14. Qxd3 Bxf5 15. Qd5+ Kh8 16. Nbd4 Qd7 17. Rad1 Rad8 18. Ng3 Ne7 19. Qb3 d5 20. Rfe1 h6 21. Ndxf5 Nxf5 22. Nxf5 Qxf5 23. Bxa7 d4 24. Bb6 Rd5 25. Bc7 Rb5 26. Qa3 Qxf2 27. Bg3 Qxb2 28. Qe7 Qxa2 29. Rxd4 Qf7 30. Qxf7 Rxf7 31. Rd8+ Kh7 32. h3 Rb2 33. Rde8 Bf6 34. Be5 Kg7 35. Bxb2 Bxb2 36. R8e7 b6 37. R7e6 Bd4 38. Rc6 Rf6 39. Re7+ Kf8 40. Rxf6+ Bxf6 41. Re6 Kg7 42. Rxb6 h5 43. g3 Bd4 44. Rc6 Kh6 45. Kg2 Be5 46. Kf3 Bb8 47. Rc3 Be5 48. Rd3 Bb8 49. Ke4 Kg5 50. Rf3 Kh6 51. Kd5 Kh7 52. Ke6 Kg7 53. Rb3 1-0

[Event "Zalakaros op 29th"]
[Site "Zalakaros"]
[Date "2010.05.31"]
[Round "6"]
[White "Nemeth, Gergely"]
[Black "Huber, Stefan"]
[Result "0-1"]
[WhiteElo "1835"]
[BlackElo "2061"]
[PlyCount "146"]
[EventDate "2010.05.26"]
[EventType "swiss"]
[EventRounds "9"]
[EventCountry "HUN"]
[SourceTitle "CBM 136 Extra"]
[Source "ChessBase"]
[SourceDate "2010.07.02"]
[SourceVersion "2"]
[SourceVersionDate "2010.07.15"]
[SourceQuality "1"]

1. e4 c6 2. c4 d5 3. exd5 cxd5 4. cxd5 Nf6 5. Nc3 Nxd5 6. Bc4 Nf6 7. d4 Nbd7 8. Nf3 Nb6 9. Bb3 e6 10. 0-0 Be7 11. Be3 0-0 12. Qd3 Bd7 13. Rac1 Bc6 14. Ne5 Rc8 15. Bc2 Nbd5 16. Nxc6 Rxc6 17. a3 Nxc3 18. bxc3 Bxa3 19. Bg5 g6 20. Qf3 Be7 21. Bh6 Re8 22. Ba4 Qc8 23. Bxc6 Qxc6 24. Qxc6 bxc6 25. Bg5 Rc8 26. Ra1 Rc7 27. Rfb1 Nd5 28. Bh6 f5 29. Bd2 c5 30. c4 Nb6 31. Bf4 Rd7 32. dxc5 Bxc5 33. Rd1 Re7 34. Bd6 Bxd6 35. Rxd6 Nxc4 36. Rda6 Ne5 37. Rxa7 Rxa7 38. Rxa7 Nf7 39. Kf1 Kg7 40. Ke2 Kf6 41. f4 h5 42. Ra6 Nh6 43. h3 Ng8 44. Ke3 Ne7 45. Kd4 Nd5 46. g3 h4 47. gxh4 Nxf4 48. Ke3 Ng2+ 49. Kf2 Nxh4 50. Kg3 g5 51. Rb6 Ng6 52. Ra6 Ne5 53. Rb6 f4+ 54. Kf2 Nc4 55. Rb4 Ne3 56. h4 Nd5 57. hxg5+ Kxg5 58. Rb8 Kf5 59. Kf3 e5 60. Re8 Nf6 61. Re7 e4+ 62. Kf2 Ng4+ 63. Kf1 f3 64. Ra7 Kf4 65. Ra4 Ke3 66. Ra3+ Kd2 67. Ra2+ Kc3 68. Ra4 Kd3 69. Ra3+ Kd2 70. Ra2+ Ke3 71. Ra3+ Kf4 72. Ra4 Kg3 73. Ra3 e3 0-1

[Event "Zalakaros op 29th"]
[Site "Zalakaros"]
[Date "2010.05.27"]
[Round "2"]
[White "Makk, Robert"]
[Black "Huber, Stefan"]
[Result "1-0"]
[WhiteElo "2222"]
[BlackElo "2061"]
[PlyCount "59"]
[EventDate "2010.05.26"]
[EventType "swiss"]
[EventRounds "9"]
[EventCountry "HUN"]
[SourceTitle "CBM 136 Extra"]
[Source "ChessBase"]
[SourceDate "2010.07.02"]
[SourceVersion "2"]
[SourceVersionDate "2010.07.15"]
[SourceQuality "1"]

1. e4 e6 2. d4 d5 3. Nd2 Nf6 4. e5 Nfd7 5. Bd3 c5 6. c3 Nc6 7. Ne2 Qb6 8. Nf3 cxd4 9. cxd4 f6 10. exf6 Nxf6 11. 0-0 Bd6 12. Re1 0-0 13. Nc3 Bd7 14. Nb5 Bb8 15. a3 a6 16. Nc3 Bd6 17. b4 Qc7 18. Bd2 e5 19. Bg5 Nxd4 20. Bxf6 Qxc3 21. Rc1 Nxf3+ 22. gxf3 Qd4 23. Bg5 h6 24. Be3 Qh4 25. Bc4 dxc4 26. Qxd6 Bh3 27. Qxe5 Rf6 28. Kh1 b5 29. Qd5+ Kh8 30. Qxa8+ 1-0

[Event "Zalakaros op 29th"]
[Site "Zalakaros"]
[Date "2010.05.26"]
[Round "1"]
[White "Borsos, Bogdan"]
[Black "Huber, Stefan"]
[Result "1-0"]
[WhiteElo "2334"]
[BlackElo "2061"]
[PlyCount "47"]
[EventDate "2010.05.26"]
[EventType "swiss"]
[EventRounds "9"]
[EventCountry "HUN"]
[SourceTitle "CBM 136 Extra"]
[Source "ChessBase"]
[SourceDate "2010.07.02"]
[SourceVersion "2"]
[SourceVersionDate "2010.07.15"]
[SourceQuality "1"]

1. e4 c6 2. c4 d5 3. exd5 cxd5 4. cxd5 Qxd5 5. Nc3 Qd8 6. d4 Nf6 7. Nf3 g6 8. Bb5+ Bd7 9. Bc4 e6 10. 0-0 Bg7 11. d5 exd5 12. Re1+ Kf8 13. Nxd5 Bc6 14. Nxf6 Qxd1 15. Nxh7+ Rxh7 16. Rxd1 Nd7 17. Ng5 Rh4 18. Bxf7 Rg4 19. Bd5 Bxd5 20. Rxd5 Nb6 21. Rb5 Rc4 22. Ne6+ Kf7 23. Nxg7 Kxg7 24. Be3 1-0

[Event "Landesliga Sued 0910"]
[Site "Bayern"]
[Date "2009.12.13"]
[Round "4.8"]
[White "Heiduczek, Josef"]
[Black "Huber, Stefan"]
[Result "1/2-1/2"]
[WhiteElo "2168"]
[BlackElo "1939"]
[PlyCount "110"]
[EventDate "2009.10.18"]
[EventType "team-tourn"]
[EventRounds "9"]
[EventCountry "GER"]
[SourceTitle "EXT 2011"]
[Source "ChessBase"]
[SourceDate "2010.11.26"]
[SourceVersion "1"]
[SourceVersionDate "2010.11.26"]
[SourceQuality "1"]
[WhiteTeam "Rottal"]
[BlackTeam "Muenchen Zugzwang"]
[WhiteTeamCountry "GER"]
[BlackTeamCountry "GER"]

1. e4 Nf6 2. e5 Nd5 3. d4 d6 4. c4 Nb6 5. exd6 exd6 6. Bd3 Nc6 7. Ne2 Be7 8. 0-0 Bg4 9. Be3 0-0 10. Nd2 Re8 11. f3 Bh5 12. Bf2 Bg6 13. Bxg6 hxg6 14. Re1 Qd7 15. Qb3 Bf6 16. Rad1 Re7 17. Kf1 Rae8 18. c5 Na5 19. Qc3 Qb5 20. Ne4 Na4 21. Qc2 d5 22. Nxf6+ gxf6 23. b3 Nc3 24. a4 Qa6 25. Qxc3 Rxe2 26. Kg1 Nc6 27. Rxe2 Rxe2 28. Re1 Nd8 29. Rd1 Qe6 30. Kf1 Qe8 31. Re1 Rxe1+ 32. Bxe1 Ne6 33. Bg3 f5 34. Qe3 Qe7 35. Be5 f6 36. Bg3 g5 37. Qd3 Qh7 38. Kg1 f4 39. Qxh7+ Kxh7 40. Bf2 Kg6 41. Kf1 Ng7 42. Ke2 Nf5 43. Kd3 Kf7 44. g4 fxg3 45. hxg3 Ke6 46. g4 Ne7 47. Bg3 c6 48. Bb8 a6 49. Bc7 f5 50. Bd8 fxg4 51. fxg4 Kd7 52. Bxe7 Kxe7 53. Kc3 a5 54. b4 axb4+ 55. Kxb4 Kd7 1/2-1/2

[Event "Regionalliga SW 0607"]
[Site "Bayern"]
[Date "2007.02.25"]
[Round "6.8"]
[White "Huber, Stefan"]
[Black "Pleyer, Felix"]
[Result "0-1"]
[WhiteElo "2005"]
[BlackElo "1952"]
[PlyCount "108"]
[EventDate "2006.10.15"]
[EventType "team-tourn"]
[EventRounds "9"]
[EventCountry "GER"]
[SourceTitle "EXT 2008"]
[Source "ChessBase"]
[SourceDate "2007.11.25"]
[SourceVersion "1"]
[SourceVersionDate "2007.11.25"]
[SourceQuality "1"]
[WhiteTeam "Zugzwang MSA"]
[BlackTeam "Sonthofen"]
[WhiteTeamCountry "GER"]
[BlackTeamCountry "GER"]

1. e4 Nf6 2. e5 Nd5 3. d4 d6 4. c4 Nb6 5. exd6 cxd6 6. Nc3 g6 7. Be3 Bg7 8. Rc1 0-0 9. b3 e5 10. dxe5 Bxe5 11. Nf3 Bg4 12. Be2 Bxf3 13. Bxf3 Nc6 14. 0-0 f5 15. Nd5 Nxd5 16. Bxd5+ Kh8 17. f4 Bf6 18. Qf3 Re8 19. Rcd1 Qc7 20. Rf2 Re7 21. Rfd2 Bc3 22. Rd3 Bb4 23. Bc1 h6 24. a3 Bc5+ 25. Kf1 Rae8 26. b4 Bb6 27. Bb2+ Kh7 28. Bc1 a6 29. Bxc6 bxc6 30. g3 c5 31. Rxd6 cxb4 32. Qd5 Qc5 33. Qxc5 Bxc5 34. Rc6 Bd4 35. axb4 Bc3 36. Bd2 Rd8 37. Re1 Rxe1+ 38. Bxe1 Rd1 39. Re6 Bxb4 40. Kf2 Rxe1 41. Rxe1 Bxe1+ 42. Kxe1 Kg7 43. Kd2 Kf7 44. Kc3 Ke6 45. Kb4 Kd6 46. Ka5 Kc5 47. Kxa6 Kxc4 48. Kb6 Kd4 49. Kc6 Ke4 50. Kd6 g5 51. fxg5 hxg5 52. h4 gxh4 53. gxh4 f4 54. h5 Kf5 0-1

[Event "Regionalliga SW 0607"]
[Site "Bayern"]
[Date "2007.02.04"]
[Round "5.8"]
[White "Huber, Stefan"]
[Black "Fantino, Rene"]
[Result "1/2-1/2"]
[WhiteElo "2005"]
[BlackElo "1920"]
[PlyCount "66"]
[EventDate "2006.10.15"]
[EventType "team-tourn"]
[EventRounds "9"]
[EventCountry "GER"]
[SourceTitle "EXT 2008"]
[Source "ChessBase"]
[SourceDate "2007.11.25"]
[SourceVersion "1"]
[SourceVersionDate "2007.11.25"]
[SourceQuality "1"]
[WhiteTeam "Zugzwang MSA"]
[BlackTeam "Muenchen Schwabing"]
[WhiteTeamCountry "GER"]
[BlackTeamCountry "GER"]

1. e4 g6 2. d4 d6 3. c4 Bg7 4. h3 Nf6 5. Nc3 0-0 6. Bg5 c6 7. Qd2 Nbd7 8. Nf3 a6 9. e5 Ne8 10. h4 f6 11. Bf4 fxe5 12. dxe5 Qa5 13. h5 Nxe5 14. Ng5 h6 15. Nge4 Bf5 16. hxg6 Bxe4 17. Nxe4 Qxd2+ 18. Bxd2 Nf6 19. Ng3 Nxg6 20. Nf5 Ne4 21. Nxg7 Nxd2 22. Ne6 Rf6 23. Kxd2 Rxe6 24. Rxh6 Kg7 25. Rh3 Rf8 26. f3 Rf4 27. Bd3 Rd4 28. Kc3 Rxd3+ 29. Kxd3 Nf4+ 30. Kd2 Re2+ 31. Kd1 Rxg2 32. Rh1 Nd3 33. Rf1 Nxb2+ 1/2-1/2

[Event "Bayern-chI Bank Hofmann 10th"]
[Site "Bad Wiessee"]
[Date "2006.11.08"]
[Round "5"]
[White "Huber, Stefan"]
[Black "Zill, Christoph"]
[Result "0-1"]
[WhiteElo "2126"]
[BlackElo "2270"]
[PlyCount "120"]
[EventDate "2006.11.04"]
[EventType "swiss"]
[EventRounds "9"]
[EventCountry "GER"]
[SourceTitle "EXT 2007"]
[Source "ChessBase"]
[SourceDate "2006.11.23"]
[SourceVersion "1"]
[SourceVersionDate "2006.11.23"]
[SourceQuality "1"]

1. e4 e6 2. d4 d5 3. e5 c5 4. c3 Nc6 5. Be3 Qb6 6. Qd2 Nh6 7. Nf3 Bd7 8. Bd3 cxd4 9. cxd4 Nb4 10. Be2 Bb5 11. Bxh6 gxh6 12. 0-0 Bxe2 13. Qxe2 Bg7 14. Nc3 0-0 15. a3 Nc6 16. Rfd1 Rac8 17. Rac1 Na5 18. Na4 Qd8 19. Nc5 Qe7 20. Nd2 b6 21. Nd3 Nc4 22. Rc3 Rc7 23. Rdc1 Rfc8 24. Nf1 Na5 25. Rxc7 Rxc7 26. Rxc7 Qxc7 27. Ng3 Qc4 28. Qe3 Qc2 29. h4 Nc4 30. Qf3 Nxb2 31. Nb4 Qd1+ 32. Qxd1 Nxd1 33. Nh5 Bf8 34. Nf6+ Kh8 35. Kf1 Bxb4 36. axb4 Nc3 37. Ne8 Nb5 38. Nd6 Nxd4 39. Nxf7+ Kg7 40. Nd6 Nc6 41. b5 Nxe5 42. Nc8 Nc4 43. Nxa7 Nd6 44. Ke2 Kf6 45. Kd3 e5 46. g4 h5 47. gxh5 Kf5 48. Nc6 Nxb5 49. Ne7+ Ke6 50. Nc8 e4+ 51. Ke3 Ke5 52. Nxb6 d4+ 53. Ke2 Nc3+ 54. Kf1 Kf4 55. Nc4 Kg4 56. h6 Kxh4 57. Ne5 Kg5 58. Ke1 Kxh6 59. Kd2 Kg5 60. f3 Kf4 0-1

[Event "Nuremberg-ch op 05th"]
[Site "Nuremberg"]
[Date "2005.05.07"]
[Round "2"]
[White "Runte, Dirk"]
[Black "Huber, Stefan"]
[Result "1/2-1/2"]
[WhiteElo "1578"]
[BlackElo "1318"]
[PlyCount "81"]
[EventDate "2005.05.06"]
[EventType "swiss"]
[EventRounds "5"]
[EventCountry "GER"]
[SourceTitle "EXT 2007"]
[Source "ChessBase"]
[SourceDate "2006.11.23"]
[SourceVersion "1"]
[SourceVersionDate "2006.11.23"]
[SourceQuality "1"]

1. d4 Nf6 2. c4 e6 3. g3 d5 4. Bg2 dxc4 5. Nf3 c5 6. 0-0 Nc6 7. Qa4 Bd7 8. Qxc4 cxd4 9. Nxd4 Rc8 10. Nxc6 Bxc6 11. Bxc6+ Rxc6 12. Qa4 a6 13. Bg5 Be7 14. Nc3 b5 15. Qb3 0-0 16. Rad1 Qc7 17. a3 h6 18. Bf4 Bd6 19. Bxd6 Rxd6 20. Rxd6 Qxd6 21. Rd1 Qb6 22. Qb4 Rd8 23. Rxd8+ Qxd8 24. Qc5 Nd5 25. Nxd5 Qxd5 26. Qxd5 exd5 27. f4 Kf8 28. Kf2 Ke7 29. Ke3 Kd6 30. Kd4 h5 31. f5 f6 32. h3 a5 33. b3 b4 34. axb4 axb4 35. g4 h4 36. e4 dxe4 37. Kxe4 Kc5 38. Ke3 Kd5 39. Kd3 Ke5 40. Ke3 Kd5 41. Kd3 1/2-1/2

[Event "Saarlouis op 4th"]
[Site "Saarlouis"]
[Date "2001.05.27"]
[Round "9"]
[White "Huber, Stefan"]
[Black "Halser, Walter"]
[Result "0-1"]
[WhiteElo "2147"]
[BlackElo "2119"]
[PlyCount "55"]
[EventDate "2001.05.??"]
[EventType "swiss"]
[EventRounds "9"]
[EventCountry "GER"]
[SourceTitle "EXT 2006"]
[Source "ChessBase"]
[SourceDate "2005.11.24"]
[SourceVersion "1"]
[SourceVersionDate "2005.11.24"]
[SourceQuality "1"]

1. e4 e5 2. f4 Bc5 3. Qh5 Nc6 4. fxe5 g6 5. Qe2 Nxe5 6. c3 Bxg1 7. Rxg1 d6 8. d4 Nc6 9. Nd2 Qe7 10. Nf3 Bg4 11. h3 Bxf3 12. gxf3 Nf6 13. Be3 0-0-0 14. d5 Ne5 15. Bxa7 Nh5 16. 0-0-0 Qf6 17. Bd4 Rhf8 18. Qb5 Qf4+ 19. Rd2 Nxf3 20. Rgg2 Nxd2 21. Rxd2 Ng3 22. Bd3 Nxe4 23. Bxe4 Qxe4 24. Qa5 c5 25. Bf6 Rde8 26. Qa8+ Kc7 27. Qa5+ Kb8 28. Qb6 0-1

[Event "Saarlouis op 4th"]
[Site "Saarlouis"]
[Date "2001.05.22"]
[Round "5"]
[White "Huber, Stefan"]
[Black "Maschler, Andreas"]
[Result "0-1"]
[WhiteElo "2147"]
[BlackElo "1000"]
[PlyCount "74"]
[EventDate "2001.05.??"]
[EventType "swiss"]
[EventRounds "9"]
[EventCountry "GER"]
[SourceTitle "EXT 2006"]
[Source "ChessBase"]
[SourceDate "2005.11.24"]
[SourceVersion "1"]
[SourceVersionDate "2005.11.24"]
[SourceQuality "1"]

1. d4 d5 2. c4 c6 3. Nf3 Nf6 4. Nc3 e6 5. Bg5 h6 6. Bh4 g5 7. Bg3 dxc4 8. a4 Bb4 9. e3 Ne4 10. Rc1 b5 11. Ne5 Qa5 12. Qf3 f5 13. Qh5+ Ke7 14. Ng6+ Kd8 15. Nxh8 Bxc3+ 16. bxc3 Nxc3 17. Nf7+ Ke7 18. Nxh6 Ne4+ 19. Ke2 Qd2+ 20. Kf3 Nxg3 21. Qxg5+ Kd7 22. hxg3 Qxc1 23. Nxf5 Kc7 24. Rh8 Nd7 25. Qd8+ Kb7 26. Nd6+ Ka6 27. axb5+ cxb5 28. Nxc8 Nb6 29. Qc7 Qxf1 30. g4 b4 31. Nd6 c3 32. Rxa8 Nxa8 33. Qb7+ Ka5 34. Qxa7+ Qa6 35. Nc4+ Kb5 36. Qc5+ Ka4 37. Ne5 Kb3 0-1

[Event "Saarlouis op 4th"]
[Site "Saarlouis"]
[Date "2001.05.20"]
[Round "2"]
[White "Krizsany, Laszlo"]
[Black "Huber, Stefan"]
[Result "1-0"]
[WhiteElo "2455"]
[BlackElo "2147"]
[PlyCount "63"]
[EventDate "2001.05.??"]
[EventType "swiss"]
[EventRounds "9"]
[EventCountry "GER"]
[SourceTitle "EXT 2006"]
[Source "ChessBase"]
[SourceDate "2005.11.24"]
[SourceVersion "1"]
[SourceVersionDate "2005.11.24"]
[SourceQuality "1"]

1. d4 Nf6 2. c4 g6 3. Nc3 d5 4. Nf3 Bg7 5. Bg5 dxc4 6. e4 c5 7. d5 b5 8. e5 b4 9. exf6 exf6 10. Qe2+ Kf8 11. Be3 bxc3 12. Bxc5+ Kg8 13. bxc3 Nd7 14. Be7 Qe8 15. Bb4 Bb7 16. 0-0-0 Nb6 17. Qxe8+ Rxe8 18. d6 Bc6 19. Ba5 Ba4 20. Bxb6 axb6 21. Bxc4 Bh6+ 22. Kb2 Bxd1 23. Rxd1 Rd8 24. d7 Bf8 25. Bb5 Bc5 26. Nd4 Bxd4 27. Rxd4 Kg7 28. Kb3 Rb8 29. Kc4 Rhd8 30. Kd5 Rbc8 31. c4 Kf8 32. Kd6 1-0

[Event "Saarlouis op 4th"]
[Site "Saarlouis"]
[Date "2001.05.19"]
[Round "1"]
[White "Huber, Stefan"]
[Black "Thonig, Manfred"]
[Result "1-0"]
[WhiteElo "2147"]
[BlackElo "1563"]
[PlyCount "53"]
[EventDate "2001.05.??"]
[EventType "swiss"]
[EventRounds "9"]
[EventCountry "GER"]
[SourceTitle "EXT 2006"]
[Source "ChessBase"]
[SourceDate "2005.11.24"]
[SourceVersion "1"]
[SourceVersionDate "2005.11.24"]
[SourceQuality "1"]

1. d4 f5 2. Nf3 b6 3. g3 Bb7 4. Bg2 Nf6 5. 0-0 e6 6. Bg5 Be7 7. Nbd2 d6 8. c3 0-0 9. Re1 Nbd7 10. Qb3 d5 11. Bxf6 Rxf6 12. Rad1 Rh6 13. Nf1 Nf6 14. Ne5 c5 15. e3 Qe8 16. a4 Ba6 17. c4 Rd8 18. dxc5 dxc4 19. Rxd8 Qxd8 20. Nxc4 Bxc5 21. Ne5 Qe7 22. Nc6 Qe8 23. Rd1 Nd5 24. Bxd5 Bxf1 25. Kxf1 exd5 26. Rxd5 Qe6 27. Nd8 1-0

[Event "Bad Woerishofen op 17th"]
[Site "Bad Woerishofen"]
[Date "2001.??.??"]
[Round "9"]
[White "Huber, Stefan"]
[Black "Joergens, Markus"]
[Result "0-1"]
[WhiteElo "2147"]
[BlackElo "2276"]
[PlyCount "72"]
[EventDate "2001.03.15"]
[EventType "swiss"]
[EventRounds "9"]
[EventCountry "GER"]
[SourceTitle "CBM 081 Extra"]
[Source "ChessBase"]
[SourceDate "2001.05.06"]
[SourceVersion "1"]
[SourceVersionDate "2001.05.06"]
[SourceQuality "1"]

1. e4 e6 2. d4 d5 3. Nc3 Bb4 4. e5 c5 5. a3 Bxc3+ 6. bxc3 Ne7 7. Nf3 Qa5 8. Bd2 Nbc6 9. Be2 cxd4 10. cxd4 Qa4 11. c3 Qxd1+ 12. Rxd1 Na5 13. Rb1 b6 14. 0-0 Bd7 15. Ne1 Ba4 16. g4 Bb3 17. Bb5+ Kd8 18. f4 Bc4 19. Rf3 Bxb5 20. Rxb5 Nc4 21. Bc1 h5 22. h3 hxg4 23. hxg4 g6 24. Kg2 Kd7 25. Rh3 Rxh3 26. Kxh3 Rh8+ 27. Kg2 g5 28. fxg5 Rh4 29. Kg3 Rh1 30. Kf2 Ng6 31. Rb3 Rh2+ 32. Kf3 Nh4+ 33. Kg3 Re2 34. Nd3 Ng6 35. Kf3 Rc2 36. Kg3 Na5 0-1